عرض عادي
عرض مارك
- Society for Industrial and Applied Mathematics.
مدخل إسم هيئة
001 - رقم الضبط
- حقل الضبط: 14350
003 - معرف رقم الضبط
- حقل الضبط: OSt
005 - تاريخ ووقت أخر عملية
- حقل الضبط: 20120520011917.0
008 - عناصر بيانات ثابتة الطول
- حقل تحكم ثابت الطول: 120520|||a|||||| | ||| d
040 ## - مصدر الفهرسة
- هيئة الفهرسة الأصلية: OSt
- وكالة الكتابة: OSt
110 ## - مدخل -- أسم شخص
- اسم الهيئه او اسم السلطه كعنصر مدخل: Society for Industrial and Applied Mathematics.
670 ## - بيانات المصدر موجوده
- الاستشهاد بالمصدر: Work cat.: (OSt)24239: Börgers, Christoph. 14346, Mathematics of social choice :, c2010.
